| 000 | 00406nam a2200133Ia 4500 | ||
|---|---|---|---|
| 008 | 220204s9999 xx 000 0 und d | ||
| 082 |
_a632.51(160.23) _bVAN |
||
| 100 | _aRijn, Van P J | ||
| 245 | 0 | _aWeed management in the humid and sub-humid tropics | |
| 260 |
_aThe Netherlands _bRoyal Tropical Institute _c2000 |
||
| 650 | _aPlantation crops weed control | ||
| 650 | _aRubber weed control | ||
| 942 | _cBK | ||
| 999 |
_c43923 _d43923 |
||